Catálogo
 En Linea

Mi barrio y yo / (Registro nro. 31601)

Detalles MARC
000 -CABECERA
campo de control de longitud fija 00429nam a2200157 a 4500
001 - NÚMERO DE CONTROL
campo de control 000032110
005 - FECHA Y HORA DE LA ÚLTIMA TRANSACCIÓN
campo de control 20200930063434.0
008 - DATOS DE LONGITUD FIJA--INFORMACIÓN GENERAL
campo de control de longitud fija 110712s200u dr a 000 0 spa d
040 ## - FUENTE DE LA CATALOGACIÓN
Centro catalogador/agencia de origen DO-SdBNP
Lengua de catalogación spa
Centro/agencia transcriptor BNPHU
082 ## - NÚMERO DE LA CLASIFICACIÓN DECIMAL DEWEY
Número de clasificación xxx
Número de documento/Ítem P887m
049 ## - FONDOS LOCALES (OCLC)
Fondos de biblioteca BNPD
100 1# - ENTRADA PRINCIPAL--NOMBRE DE PERSONA
Nombre de persona Power, Jhonny,
Fechas asociadas al nombre 1974-
9 (RLIN) 58228
245 10 - MENCIÓN DE TÍTULO
Título Mi barrio y yo /
Mención de responsabilidad, etc. Jhonny Power.
260 ## - PUBLICACIÓN, DISTRIBUCIÓN, ETC.
Lugar de publicación, distribución, etc. [Santo Domingo] :
Nombre del editor, distribuidor, etc. [s.n],
Fecha de publicación, distribución, etc. [200?].
300 ## - DESCRIPCIÓN FÍSICA
Extensión 86 p. ; :
Otras características físicas il. ;
Dimensiones 22 cm.
Existencias
Estado de retiro Estado de pérdida No para préstamo Código de colección Localización permanente Ubicación/localización actual Ubicación en estantería Fecha de adquisición Número de inventario Total de préstamos Signatura topográfica completa Código de barras Fecha visto por última vez Precio válido a partir de Tipo de ítem Koha
    Excluido de préstamo Patrimonio Dominicano Patrimonio Dominicano Patrimonio Dominicano En catalogación 12.07.2011 LF1   xxx P887m 32110-10 25.06.2020 25.06.2020 Libro y Folleto Colección Patrimonio Dominicano

Con tecnología Koha